Redefined Elements Quiz Stats

 Plays Quiz Updated Jun 9, 2015

Challenge
Share
Tweet
Embed
Score 0/14 Timer 01:30
0 Plays Today
% Correct
Mercury
94.8%
Krypton
94.2%
Lead
91.4%
Copper
88.1%
Nickel
84.4%
Tin
82.6%
Palladium
79.2%
% Correct
Iron
78.7%
Silver
77.2%
Gold
68.6%
Lithium
67.5%
Neon
67.2%
Oxygen
64.7%
Iodine
45.7%

You're not logged in!

Compare scores with friends on all Sporcle quizzes.
Join for Free
OR
Log In

You Might Also Like...

Show Comments

Extras

Top Quizzes Today


Score Distribution

Your Account Isn't Verified!

In order to create a playlist on Sporcle, you need to verify the email address you used during registration. Go to your Sporcle Settings to finish the process.

Report this User

Report this user for behavior that violates our Community Guidelines.

Details: